|
|
|
|
| LEADER |
00000nam0a2200000 4500 |
| 001 |
180270 |
| 005 |
20231101223531.0 |
| 010 |
|
|
|a 9785394003820
|
| 035 |
|
|
|a (RuTPU)RU\TPU\book\195420
|
| 035 |
|
|
|a RU\TPU\book\160408
|
| 035 |
|
|
|a RU\TPU\book\179247
|
| 090 |
|
|
|a 180270
|
| 100 |
|
|
|a 20081124d2010 m y0rusy50 ca
|
| 101 |
0 |
|
|a rus
|
| 102 |
|
|
|a RU
|
| 105 |
|
|
|a y j 001zy
|
| 200 |
1 |
|
|a Экономика. Общий курс (Фундаментальная теория экономики)
|e учебник
|f А. Г. Войтов
|
| 205 |
|
|
|a 12-е изд., перераб. и доп.
|
| 210 |
|
|
|a Москва
|c Дашков и К
|d 2010
|
| 215 |
|
|
|a 610 с.
|
| 320 |
|
|
|a Библиогр.: с. 599-606.
|
| 330 |
|
|
|a Фундаментальная теория экономики (ФТЭ) объясняет одновременно прошлое, настоящее и основы будущей экономики всех стран мира. Она предназначена для начального систематического изучения экономики и представлена двумя курсами: экономический строй общества (вводный курс), экономическая система общества (основной курс). ФТЭ ориентирует, прежде всего, на развитие интеллекта - способности мыслить (анализировать) для понимании сложных объектов.
|
| 451 |
|
1 |
|0 (RuTPU)RU\TPU\book\179247
|y 978-5-394-00382-0
|t Экономика. Общий курс (Фундаментальная теория экономики)
|o учебник
|f А. Г. Войтов
|e 11-е изд., перераб. и доп.
|c М.
|n Дашков и К
|d 2009
|p 610 с.
|a Войтов, Александр Георгиевич
|
| 606 |
1 |
|
|a Экономическая теория
|2 stltpush
|3 (RuTPU)RU\TPU\subj\26589
|9 50481
|
| 610 |
1 |
|
|a экономика
|
| 610 |
1 |
|
|a микроэкономика
|
| 610 |
1 |
|
|a домохозяйство
|
| 610 |
1 |
|
|a промыслы
|
| 610 |
1 |
|
|a рыночная экономика
|
| 610 |
1 |
|
|a свободный рынок
|
| 610 |
1 |
|
|a товарные отношения
|
| 610 |
1 |
|
|a рынок капитала
|
| 610 |
1 |
|
|a кредит
|
| 610 |
1 |
|
|a коммерция
|
| 610 |
1 |
|
|a предпринимательство
|
| 610 |
1 |
|
|a наемный труд
|
| 610 |
1 |
|
|a капитал
|
| 610 |
1 |
|
|a монополии
|
| 610 |
1 |
|
|a социализация
|
| 610 |
1 |
|
|a огосударствление экономики
|
| 610 |
1 |
|
|a макроэкономика
|
| 610 |
1 |
|
|a общественное благосостояние
|
| 610 |
1 |
|
|a национальное богатство
|
| 610 |
1 |
|
|a совокупный спрос
|
| 610 |
1 |
|
|a совокупное предложение
|
| 610 |
1 |
|
|a общественное производство
|
| 610 |
1 |
|
|a экономические противоречия
|
| 610 |
1 |
|
|a экономические кризисы
|
| 610 |
1 |
|
|a мировая экономика
|
| 610 |
1 |
|
|a собственность
|
| 610 |
1 |
|
|a занятость
|
| 610 |
1 |
|
|a менеджмент
|
| 610 |
1 |
|
|a планирование
|
| 610 |
1 |
|
|a внутренние рынки
|
| 610 |
1 |
|
|a микромаркет
|
| 610 |
1 |
|
|a ценообразование
|
| 610 |
1 |
|
|a доходы
|
| 610 |
1 |
|
|a финансы
|
| 610 |
1 |
|
|a экспертиза
|
| 610 |
1 |
|
|a учебники
|
| 686 |
|
|
|a У011я73
|v LBC/SL-A
|2 rubbk
|
| 700 |
|
1 |
|a Войтов
|b А. Г.
|g Александр Георгиевич
|
| 801 |
|
1 |
|a RU
|b 63413507
|c 20100513
|
| 801 |
|
2 |
|a RU
|b 63413507
|c 20150508
|g RCR
|
| 900 |
|
|
|a Экономика
|
| 900 |
|
|
|a Рыночная экономика и основы предпринимательства
|
| 900 |
|
|
|a Экономическая теория
|
| 900 |
|
|
|a Микроэкономика
|
| 900 |
|
|
|a Макроэкономика
|
| 942 |
|
|
|c BK
|
| 959 |
|
|
|a 31/20100513
|d 2
|e 264,00
|f АНЛ:1
|f ЧЗГЛ:1
|